<?xml version="1.0" encoding="UTF-8"?><?xml-stylesheet type="text/xsl" href="static/style.xsl"?><OAI-PMH xmlns="http://www.openarchives.org/OAI/2.0/" xmlns:xsi="http://www.w3.org/2001/XMLSchema-instance" xsi:schemaLocation="http://www.openarchives.org/OAI/2.0/ http://www.openarchives.org/OAI/2.0/OAI-PMH.xsd"><responseDate>2026-04-14T04:53:28Z</responseDate><request verb="GetRecord" identifier="oai:www.recercat.cat:20.500.12327/2456" metadataPrefix="marc">https://recercat.cat/oai/request</request><GetRecord><record><header><identifier>oai:recercat.cat:20.500.12327/2456</identifier><datestamp>2025-10-22T11:20:52Z</datestamp><setSpec>com_2072_4428</setSpec><setSpec>com_2072_4427</setSpec><setSpec>col_2072_487898</setSpec></header><metadata><record xmlns="http://www.loc.gov/MARC21/slim" xmlns:dcterms="http://purl.org/dc/terms/" xmlns:xsi="http://www.w3.org/2001/XMLSchema-instance" xmlns:doc="http://www.lyncode.com/xoai" xsi:schemaLocation="http://www.loc.gov/MARC21/slim http://www.loc.gov/standards/marcxml/schema/MARC21slim.xsd">
   <leader>00925njm 22002777a 4500</leader>
   <datafield ind2=" " ind1=" " tag="042">
      <subfield code="a">dc</subfield>
   </datafield>
   <datafield ind2=" " ind1=" " tag="720">
      <subfield code="a">Kravets, Marina</subfield>
      <subfield code="e">author</subfield>
   </datafield>
   <datafield ind2=" " ind1=" " tag="720">
      <subfield code="a">Cedeño-Pinos, Cristina</subfield>
      <subfield code="e">author</subfield>
   </datafield>
   <datafield ind2=" " ind1=" " tag="720">
      <subfield code="a">Abea, Andrés</subfield>
      <subfield code="e">author</subfield>
   </datafield>
   <datafield ind2=" " ind1=" " tag="720">
      <subfield code="a">Guàrdia, Maria Dolors</subfield>
      <subfield code="e">author</subfield>
   </datafield>
   <datafield ind2=" " ind1=" " tag="720">
      <subfield code="a">Muñoz, Israel</subfield>
      <subfield code="e">author</subfield>
   </datafield>
   <datafield ind2=" " ind1=" " tag="720">
      <subfield code="a">Bañón, Sancho</subfield>
      <subfield code="e">author</subfield>
   </datafield>
   <datafield ind2=" " ind1=" " tag="260">
      <subfield code="c">2023-07-26</subfield>
   </datafield>
   <datafield ind2=" " ind1=" " tag="520">
      <subfield code="a">Salmorejo is a viscous homogenate based on tomato, olive oil and breadcrumbs commercialised as a “fresh-like” pasteurised–chilled purée. Due to its penetration, dielectric heating by radiofrequency (RF) might improve pasteurisation results of conventional heating (CH). The objective was to validate the pasteurisation temperature (70–100 °C, at 5 °C intervals) for salmorejo processed by RF (operating at 27.12 MHz for 9.08 s) or conventional (for 10.9 s) continuous heating. The main heat-induced changes include: orangeness, flavour homogenisation, loss of freshness, thickening, loss of vitamin C and lipid oxidation. Both CH and RF equivalent treatments allowed a strong reduction of total and sporulated mesophilic microorganisms and an adequate inhibition of the pectin methylesterase, peroxidase and, to a lesser extent, polyphenol oxidase but did not inhibit the polygalacturonase enzyme. Pasteurisation at 80 °C provided a good equilibrium in levels of microbiological and enzymatic inhibition and thermal damage to the product. Increasing this temperature does not improve enzyme inactivation levels and salmorejo may become overheated. A “fresh-like” good-quality salmorejo can be obtained using either conventional or radiofrequency pasteurisers.</subfield>
   </datafield>
   <datafield ind1="8" ind2=" " tag="024">
      <subfield code="a">Kravets, Marina, Cristina Cedeño-Pinos, Andrés Abea, Maria Dolors Guàrdia, Israel Muñoz, and Sancho Bañón. 2023. “Validation of Pasteurisation Temperatures for a Tomato–Oil Homogenate (Salmorejo) Processed by Radiofrequency or Conventional Continuous Heating.” MDPI. Multidisciplinary Digital Publishing Institute. July 26. https://www.mdpi.com/2304-8158/12/15/2837.</subfield>
   </datafield>
   <datafield ind1="8" ind2=" " tag="024">
      <subfield code="a">2304-8158</subfield>
   </datafield>
   <datafield ind1="8" ind2=" " tag="024">
      <subfield code="a">http://hdl.handle.net/20.500.12327/2456</subfield>
   </datafield>
   <datafield ind1="8" ind2=" " tag="024">
      <subfield code="a">https://doi.org/10.3390/foods12152837</subfield>
   </datafield>
   <datafield ind2="0" ind1="0" tag="245">
      <subfield code="a">Validation of Pasteurisation Temperatures for a Tomato–Oil Homogenate (salmorejo) Processed by Radiofrequency or Conventional Continuous Heating</subfield>
   </datafield>
</record></metadata></record></GetRecord></OAI-PMH>